Statistiques concernant Les dix plus grands domaines skiables français

Cliquez ici pour prendre le quiz!

Statistiques générales

  • Ce quiz a été pris 48 fois
  • Le résultat moyen est 3 sur 10

Statistiques - réponses

HintRéponse% Correct
600 kmLes Trois Vallées
71%
600 kmLes Portes du Soleil
56%
250 kmSerre Chevalier
34%
245 kmAlpe d'huez
32%
300 kmTignes-Val d'isere
27%
265 kmLe grand massif
17%
310 kmLes Sybelles
17%
195 kmLes saisies
12%
410 kmLa voie lactée
10%
425 kmLes Arcs-Paradiski
0%

Distribution des résultats

Percentile par nombre de réponses

% des personnes avec chaque résultat

Votre développement - résultats

Vous n’avez pas pris ce quiz